000 00334nam a2200145 a 4500
008 990309s1973||||xx 0 und c
040 _aSNK
_bslo
_cSNK
_eAACR2
100 1 _aLászlová, Karin
245 1 0 _aSkalpel a krása
260 _aMartin
_bOsveta
_c1973
300 _a180 s.
044 _axo
_cSK
041 _aslo
020 _c15
999 _c12147
_d12147